000 00319nam a22001457a 4500
008 180919b xxu||||| |||| 00| 0 eng d
020 _a9781891859335
041 _aeng
080 _a070
082 _a070
100 _a40
101 _aMED
245 _aFacilitating online learning
_cCollison,G
942 _2udc
_cBK
999 _c48040
_d48040